Gaming Quiz

Random Gaming or Video Games Quiz

Game Grumps series with Danny and Arin Quiz Stats

 Plays Quiz not verified by Sporcle

Challenge
Share
Tweet
Embed
Score 0/197 Timer 20:00
0 Plays Today
# of Episodes Series % Correct
47Sonic Boom
61.9%
OngoingSuper Mario Maker
61.9%
21The Legend of Zelda
57.1%
119Pokémon FireRed
54.8%
6Mike Tyson's Punch-Out!!
52.4%
85Super Mario Galaxy
52.4%
51Super Mario Sunshine
47.6%
19Punch-Out!!
47.6%
6Super Mario Bros.
45.2%
85The Legend of Zelda: Ocarina of Time
42.9%
62Super Mario 64
40.5%
37The Legend of Zelda: A Link to the Past
38.1%
6Super Mario Bros. 2
33.3%
29Super Mario Bros. 3
33.3%
56Sonic Adventure DX
31%
22Sonic and the Black Knight
31%
18Super Mario World
28.6%
8Mario Party 8
28.6%
75Dark Souls III
28.6%
11Mega Man 2
26.2%
25Kirby's Epic Yarn
26.2%
48The Legend of Zelda: A Link Between Worlds
26.2%
4The Dog Island
26.2%
109Bloodborne
23.8%
46Dead Rising
23.8%
One-OffDennis the Menace
21.4%
12Shadow the Hedgehog
21.4%
3Battle Kid: Fortress of Peril
21.4%
18Kirby's Dream Course
21.4%
7Dead Rising 2
21.4%
11Mega Man 3
19%
23Zelda II: The Adventure of Link
19%
6Mario Party 10
19%
15Endless Ocean 2
19%
7Mario Golf
16.7%
9Mega Man 6
16.7%
50Trauma Center: Second Opinion
16.7%
OngoingZelda: The Wand of Gamelon
16.7%
One-OffKarate Kid
14.3%
One-OffMickey Mousecapade
14.3%
One-OffSuper Tennis
14.3%
27Super Metroid
14.3%
13Castlevania II: Simon's Quest
14.3%
59Super Mario 3D World
14.3%
7Silent Hill 4: The Room
14.3%
16Luigi's Mansion
14.3%
24Kirby and the Rainbow Curse
14.3%
One-OffMario is Missing!
14.3%
OngoingGrump's Dream Course
14.3%
5Jackal
11.9%
2Karnov
11.9%
One-OffChester Cheetah
11.9%
2Family Feud Decades
11.9%
23Silent Hill: Shattered Memories
11.9%
8The Goonies II
11.9%
20Shovel Knight
11.9%
2Wrestlemania X8
11.9%
5Monopoly
11.9%
2Yoshi's Cookie
11.9%
8StarTropics
11.9%
One-OffThe Three Stooges
9.5%
One-OffHollywood Squares
9.5%
One-OffTotally Rad
9.5%
4Out of This World
9.5%
One-OffHome Alone
9.5%
One-OffPac Attack
9.5%
# of Episodes Series % Correct
One-OffPinocchio
9.5%
One-OffRadical Rex
9.5%
73The Legend of Zelda: Wind Waker HD
9.5%
7Castlevania Dracula X
9.5%
29Shadow of the Colossus
9.5%
20Katamari Damacy
9.5%
17Heart of Darkness
9.5%
16We Love Katamari
9.5%
One-OffBurgerTime
9.5%
6Devil's Third
9.5%
7Doom
9.5%
5Journey to Sillius
7.1%
10Super Castlevania IV
7.1%
9Strider
7.1%
One-OffContra
7.1%
13Secret of Mana
7.1%
4Batman
7.1%
5Go Vacation
7.1%
4Battle Chess
7.1%
8Ribbit King
7.1%
3Super C
7.1%
6Parodius
7.1%
14Donkey Kong Country: Tropical Freeze
7.1%
8Ninja Gaiden
7.1%
5Deadly Creatures
7.1%
One-OffNinja Kid
7.1%
15Inside
7.1%
30Katamari Forever
7.1%
4Spongebob Squarepants: Battle for Bikini Bottom
7.1%
OngoingDeadly Premonition
7.1%
One-OffSkate or Die 2
4.8%
One-OffCool Spot
4.8%
One-OffBrothers: A Tale of Two Sons
4.8%
11Skyblazer
4.8%
One-OffChuck Rock
4.8%
One-OffAlfred Chicken
4.8%
5Maniac Mansion
4.8%
7Dead or Alive Extreme 2
4.8%
3Mario Sports Mix
4.8%
4Castlevania 64
4.8%
2Deal or No Deal
4.8%
3M&M's Beach Party
4.8%
2California Games
4.8%
6Super Bonk
4.8%
5Castlevania: Symphony of the Night
4.8%
3Gradius V
4.8%
One-OffBeavis and Butthead
4.8%
One-OffPlatoon
4.8%
One-OffColdstone Creamery
4.8%
One-OffMappy-Land
4.8%
One-OffKendo Rage
2.4%
One-OffCharlie Murder
2.4%
One-OffFlashback
2.4%
One-OffTeenage Mutant Ninja Turtles: Out of the Shadows
2.4%
One-OffSpider-Man and Venom
2.4%
2Wheel of Fortune: Junior Edition
2.4%
One-OffBubble Bobble
2.4%
3Kid Icarus
2.4%
One-OffCaptain Planet
2.4%
One-OffPhantom Fighter
2.4%
One-OffGoosebumps HorrorLand
2.4%
2Night Trap
2.4%
8Sparkster
2.4%
3Are You Smarter Than a 5th Grader?
2.4%
31001 Spikes
2.4%
3Super Empire Strikes Back
2.4%
# of Episodes Series % Correct
3Smarty Pants
2.4%
6Super Adventure Island
2.4%
2Ice Hockey
2.4%
5Barbie The Island Princess
2.4%
4Mario Golf: Toadstool Tour
2.4%
6Nancy Drew: The White Wolf of Icicle Creek
2.4%
32Portal 2
2.4%
One-OffLethal Weapon
2.4%
One-OffHome Alone 2: Lost in New York
2.4%
One-OffX-Kaliber 2097
2.4%
One-OffWild Snake
2.4%
One-OffSanta Claus is Comin' to Town
2.4%
One-OffKing's Knight
2.4%
One-OffMario's Early Years
2.4%
One-OffChuChu Rocket!
2.4%
9Dead or Alive Extreme 3: Fortune
2.4%
3Mad Dog McCree
2.4%
One-OffDragon Ball Z: Burst Limit
0%
One-OffGundam Battle Assault 2
0%
One-OffSatuday Night Slam Masters
0%
One-OffThe Addams Family: Pugsley's Scavenger Hunt
0%
3Gun Smoke
0%
5Gauntlet II
0%
5Chip 'n Dale Rescue Rangers 2
0%
6Dokapon Kingdom
0%
5Rygar
0%
10Disney Princess: Enchanted Journey
0%
5Decap Attack
0%
4Contra Force
0%
4Power Blade
0%
3Metal Storm
0%
6Godzilla Monster of Monsters
0%
4Little Samson
0%
3Scooby-Doo and the Cyber Chase
0%
2Rumble Roses
0%
2Yo! Noid
0%
2Alien Hominid
0%
2Remote Control
0%
2Jelly Belly Ballistic Beans
0%
8The Munchables
0%
4Neo Turf Masters
0%
5Outlaw Golf 9 Holes of X-mas
0%
One-OffStar Wars: Masters of Teras Kasi
0%
One-OffThe Bachelor
0%
One-OffLester the Unlikely
0%
One-OffDomino Rally
0%
One-OffDick Tracy
0%
One-OffWe Wish You a Merry Christmas
0%
One-OffSnow Bros
0%
One-OffWall Street Kid
0%
One-OffBusy Scissors
0%
One-OffAdventures of Yogi Bear
0%
One-OffX-Men Mutant Apocalypse
0%
One-OffIndivisible
0%
One-OffI Spy Spooky Mansion
0%
One-OffDaze Before Christmas
0%
One-OffBatman Returns
0%
One-OffIce Age 2: The Meltdown
0%
4Rayman Legends
0%
2Skitchin'
0%
7Petz Horse Club
0%
2Who Wants to be a Millionaire?
0%
2Alien Syndrome
0%
4Golden Axe HD
0%
OngoingCastlevania Chronicles
0%

You're not logged in!

Compare scores with friends on all Sporcle quizzes.
Join for Free
OR
Log In

You Might Also Like...

Show Comments

Extras

Top Quizzes Today


Score Distribution

Your Account Isn't Verified!

In order to create a playlist on Sporcle, you need to verify the email address you used during registration. Go to your Sporcle Settings to finish the process.

Report this User

Report this user for behavior that violates our Community Guidelines.

Details: